Detalles MARC
| 000 -CABECERA |
| campo de control de longitud fija |
02258nam a2200265 a 4500 |
| 001 - NÚMERO DE CONTROL |
| campo de control |
000013994 |
| 005 - FECHA Y HORA DE LA ÚLTIMA TRANSACCIÓN |
| campo de control |
20251120073732.0 |
| 008 - DATOS DE LONGITUD FIJA--INFORMACIÓN GENERAL |
| campo de control de longitud fija |
091202s1982 dr 001 0 spa d |
| 040 ## - FUENTE DE LA CATALOGACIÓN |
| Centro catalogador/agencia de origen |
DO-SdBNP |
| Lengua de catalogación |
spa |
| Centro/agencia transcriptor |
BNPHU |
| 082 ## - NÚMERO DE LA CLASIFICACIÓN DECIMAL DEWEY |
| Número de clasificación |
RD864.44 |
| Número de documento/Ítem |
R789e, 1982 |
| 100 1# - ENTRADA PRINCIPAL--NOMBRE DE PERSONA |
| Nombre de persona |
Rosario Candelier, Bruno, |
| Fechas asociadas al nombre |
1941- |
| 9 (RLIN) |
851 |
| 245 10 - MENCIÓN DE TÍTULO |
| Título |
Ensayos críticos : |
| Resto del título |
análisis de textos dominicanos contemporáneos / |
| Mención de responsabilidad, etc. |
Bruno Rosario Candelier. |
| 260 ## - PUBLICACIÓN, DISTRIBUCIÓN, ETC. |
| Lugar de publicación, distribución, etc. |
Santiago de los Caballeros, República Dominicana : |
| Nombre del editor, distribuidor, etc. |
UCMM, |
| Fecha de publicación, distribución, etc. |
1982. |
| 300 ## - DESCRIPCIÓN FÍSICA |
| Extensión |
301 p ; |
| Dimensiones |
22 cm. |
| 490 1# - MENCIÓN DE SERIE |
| Mención de serie |
Estudio |
| 500 ## - NOTA GENERAL |
| Nota general |
Incluye datos biográficos del autor en la contracubierta. |
| 505 0# - NOTA DE CONTENIDO CON FORMATO |
| Información miscelánea |
Introducción -- |
| Título |
I.- La naturaleza de la literatura -- |
| -- |
La crítica literaria -- |
| -- |
Problemas de la interpretación literaria -- |
| -- |
La literatura comprometida -- |
| -- |
Literatura, ideología y sociedad -- |
| -- |
Movimientos estéticos y dialéctica literaria -- |
| -- |
Crítica, gusto y objetividad -- |
| -- |
Crítica, teoría y creación -- |
| -- |
Lenguaje, poesía y creación -- |
| -- |
Lenguaje primario vs. metalenguaje -- |
| -- |
Significado y significante -- |
| -- |
Arte, lenguaje y ocultación -- |
| -- |
Problemas lingüísticos del escritor -- |
| -- |
Entre tradición y novedad -- |
| -- |
II.- La poesía de Emilio García-Godoy -- |
| -- |
"Melancolía" un poema de Moreno Jimenes -- |
| -- |
En torno a Yelidá, de Tomás Hernández Franco -- |
| -- |
El reclamo profundo de Manuel del Cabral -- |
| -- |
Hay un país en el mundo (Evocación de Pedro Mir) -- |
| -- |
Swain o la observación creadora en Aída Cartagena -- |
| -- |
Por los Mares de la Dama, de Manuel Rueda -- |
| -- |
La visión trascendente en Banquetes de aflicción -- |
| -- |
Enrique Eusebio: consignas y subvenciones -- |
| -- |
La mujer de Juan Bosch -- |
| -- |
Ton, terror de clase y expresión -- |
| -- |
El oro y la paz, de Juan Bosch -- |
| -- |
Significación de Juego de Dominó de Manuel Mora Serrano -- |
| -- |
Técnica y temática en "Escalera para Electra" -- |
| -- |
Crítica y teoría de Diógenes Céspedes (a propósito de Escritos críticos). |
| 590 ## - NOTA LOCAL (RLIN) |
| Nota local |
Inventariado, 2019/VM |
| 650 #0 - PUNTO DE ACCESO ADICIONAL DE MATERIA--TÉRMINO DE MATERIA |
| Término de materia o nombre geográfico como elemento de entrada |
Ensayos dominicanos |
| 9 (RLIN) |
65 |
| 650 #4 - PUNTO DE ACCESO ADICIONAL DE MATERIA--TÉRMINO DE MATERIA |
| Término de materia o nombre geográfico como elemento de entrada |
Literatura dominicana |
| Subdivisión general |
Historia y crítica |
| 9 (RLIN) |
159 |
| 650 #4 - PUNTO DE ACCESO ADICIONAL DE MATERIA--TÉRMINO DE MATERIA |
| Término de materia o nombre geográfico como elemento de entrada |
Autores dominicanos |
| Subdivisión general |
Crítica e interpretación |
| 9 (RLIN) |
158 |
| 710 2# - PUNTO DE ACCESO ADICIONAL--NOMBRE DE ENTIDAD CORPORATIVA |
| Nombre de entidad corporativa o nombre de jurisdicción como elemento de entrada |
Pontificia Universidad Católica Madre y Maestra |
| 9 (RLIN) |
843 |
| 830 #0 - PUNTO DE ACCESO ADICIONAL DE SERIE-TÍTULO UNIFORME |
| Título uniforme |
Estudio |
| 9 (RLIN) |
11006 |
| 910 ## - DATOS DE OPCIÓN DEL USUARIO (OCLC) |
| Datos de opción del usuario |
Validado. Control de calidad EMS |